[Event "Pardubice 88/287"]
[Site "?"]
[Date "2003.??.??"]
[Round "?"]
[White "Potkin, V."]
[Black "Neiksans, A."]
[Result "1-0"]
[WhiteElo "2518"]
[BlackElo "2429"]
[PlyCount "151"]
[EventDate "2003.??.??"]
[Source "Chess Informant"]
[SourceDate "2003.06.01"]

1. e4 e5 2. Nf3 Nf6 3. d4 exd4 4. e5 Ne4 5. Qxd4 d5 6. exd6 Nxd6 7. Nc3 Nc6 8. Qf4 Nf5 9. Bb5 Bd6 10. Qe4+ Nfe7 11. Bg5 Bf5 12. Qa4 f6 13. Be3 a6 14. Bxc6+ Nxc6 15. O-O-O Qe7 16. Nd4 Bd7 17. Ndb5 Be5 18. Nd5 Qd8 19. Nbxc7+ Bxc7 20. Qb3 Na5 21. Qb4 Kf7 22. Bb6 Nc6 23. Qb3 Be6 24. Bxc7 Qd7 25. Qf3 Bg4 26. Qb3 Be6 27. Rd3 Rhe8 28. Rhd1 Ne7 29. Nf4 Bxb3 30. Rxd7 Ba4 31. R7d2 Bc6 32. f3 g5 33. Nd3 Nd5 34. Bg3 h5 35. Bf2 h4 36. c4 Nf4 37. Nxf4 gxf4 38. h3 Rg8 39. Bxh4 Rg6 40. Rd4 Rxg2 41. Rxf4 Re8 42. Bxf6 Ree2 43. Bc3+ Kg6 44. Rg4+ Kf7 45. Rf4+ Kg6 46. Rg4+ Kf7 47. Rxg2 Rxg2 48. h4 Kg6 49. Rd2 Rg1+ 50. Kc2 Bxf3 51. Rd8 Rh1 52. Rd6+ Kf5 53. Bf6 Be4+ 54. Kb3 Bb1 55. a4 a5 56. Bc3 Rxh4 57. Bxa5 Rh3+ 58. Bc3 Be4 59. a5 Rh7 60. Kb4 Rc7 61. Rf6+ Kg5 62. Rf8 Bd3 63. b3 Bc2 64. Rf2 Bd1 65. Rd2 Bf3 66. Kb5 Rc6 67. Bd4 Re6 68. Bb6 Bc6+ 69. Kc5 Re5+ 70. Kd6 Re4 71. a6 Re8 72. a7 Rc8 73. b4 Bh1 74. b5 Kg6 75. Kd7 Rh8 76. Kc7 1-0

[Event "WJun, Athens GRE"]
[Site "?"]
[Date "2001.??.??"]
[Round "6"]
[White "Roiz, M."]
[Black "Neiksans, A."]
[Result "1/2-1/2"]
[WhiteElo "2510"]
[BlackElo "2435"]
[PlyCount "170"]
[EventDate "2001.??.??"]
[Source "www.chesslib.no"]
[SourceDate "2004.05.04"]

1. e4 e5 2. Nf3 Nf6 3. d4 exd4 4. e5 Ne4 5. Qxd4 d5 6. exd6 Nxd6 7. Nc3 Nc6 8. Qf4 Nf5 9. Bd3 Bd6 10. Qe4+ Nfe7 11. O-O Bf5 12. Qc4 Bxd3 13. Qxd3 O-O 14. Bg5 f6 15. Be3 Kh8 16. Rad1 Ng6 17. Nb5 Nge5 18. Qe2 Qe7 19. Nxd6 cxd6 20. Nd4 Rfd8 21. c4 Qf7 22. Nxc6 bxc6 23. Rd4 Rd7 24. Rfd1 Rad8 25. Bf4 h6 26. Bg3 d5 27. cxd5 Rxd5 28. Bxe5 fxe5 29. Rxd5 Rxd5 30. Rc1 Qf4 31. Rc2 e4 32. h3 c5 33. b3 Qd6 34. g3 Rd1+ 35. Kg2 Qd3 36. Qxd3 exd3 37. Rxc5 Ra1 38. Rd5 Rxa2 39. Rxd3 a5 40. Rd5 a4 41. bxa4 Rxa4 42. h4 Ra3 43. h5 Kg8 44. Rf5 Ra6 45. f4 Ra2+ 46. Kh3 Ra3 47. Kg4 Rb3 48. Ra5 Kf7 49. Ra2 Kf6 50. Rf2 Rb4 51. Rf3 Ra4 52. Rb3 Ra5 53. Rb6+ Kf7 54. Kh4 Ra4 55. Rb5 Kf6 56. Kg4 Rc4 57. Rb6+ Kf7 58. Rb3 Kf6 59. Kf3 Ra4 60. g4 Rc4 61. Rb6+ Kf7 62. Rd6 Ra4 63. Ke3 Rb4 64. Rd4 Rb5 65. Ke4 Ke6 66. Ra4 Rb6 67. g5 hxg5 68. fxg5 Rb5 69. Kf4 Rf5+ 70. Kg4 Rf1 71. Re4+ Kf7 72. Rf4+ Rxf4+ 73. Kxf4 Ke8 74. Ke4 Kf8 75. Kd4 Ke8 76. Kc4 Kf8 77. Kc5 Ke7 78. Kd5 Kf7 79. Kd6 Kf8 80. Kd7 Kf7 81. Kd8 Kf8 82. Kd7 Kf7 83. g6+ Kg8 84. Ke7 Kh8 85. h6 Kg8 1/2-1/2

[Event "CSR Team Ch 9091"]
[Site "Czekhoslovakia"]
[Date "1990.11.10"]
[Round "1.1"]
[White "Plachetka, Jan"]
[Black "Mokry, Karel"]
[Result "1/2-1/2"]
[WhiteElo "2425"]
[BlackElo "2510"]
[PlyCount "29"]
[EventDate "1990.??.??"]
[Source "www.chesslib.no"]
[SourceDate "2004.05.04"]

1. e4 e5 2. Nf3 Nf6 3. d4 exd4 4. e5 Ne4 5. Qxd4 d5 6. exd6 Nxd6 7. Nc3 Nc6 8. Qf4 Nf5 9. Bb5 Bd6 10. Qe4+ Qe7 11. Qxe7+ Bxe7 12. Bf4 Bd6 13. Bxd6 Nxd6 14. Bxc6+ bxc6 15. O-O-O 1/2-1/2

[Event "tt"]
[Site "?"]
[Date "1997.??.??"]
[Round "13"]
[White "Groszpeter Attila"]
[Black "Mathe Gaspar"]
[Result "1-0"]
[WhiteElo "2540"]
[BlackElo "2395"]
[PlyCount "75"]
[EventDate "1997.??.??"]
[Source "www.chesslib.no"]
[SourceDate "2004.05.04"]

1. e4 e5 2. Nf3 Nf6 3. d4 exd4 4. e5 Ne4 5. Qxd4 d5 6. exd6 Nxd6 7. Nc3 Nc6 8. Qf4 Be7 9. Bd3 Be6 10. O-O O-O 11. Be3 Bf6 12. Rad1 Qc8 13. Ng5 Bf5 14. Nd5 Bxb2 15. c3 h6 16. Ne4 Bxe4 17. Bxe4 Nxe4 18. Qxe4 Ba3 19. Bxh6 Qe6 20. Qa4 Bd6 21. Bf4 Ne5 22. Rfe1 f6 23. Qb3 Qf7 24. Qxb7 Rfe8 25. Bxe5 Bxe5 26. g3 Rab8 27. Qxa7 Ra8 28. Qc5 Rxa2 29. Qc4 Raa8 30. Qc6 Rab8 31. Ne3 Red8 32. Kg2 Rd6 33. Rxd6 Bxd6 34. c4 Be5 35. Rd1 Qe8 36. Rd7 Kh8 37. Qd5 Bd6 38. Qf5 1-0

[Event "Santa Clara"]
[Site "Santa Clara"]
[Date "1996.??.??"]
[Round "8"]
[White "Herrera, Irisberto"]
[Black "Arencibia, Walter"]
[Result "1/2-1/2"]
[WhiteElo "2420"]
[BlackElo "2515"]
[PlyCount "36"]
[EventDate "1996.??.??"]
[Source "www.chesslib.no"]
[SourceDate "2004.05.04"]

1. e4 e5 2. Nf3 Nf6 3. d4 exd4 4. e5 Ne4 5. Qxd4 d5 6. exd6 Nxd6 7. Bd3 Nc6 8. Qf4 g6 9. O-O Bg7 10. Re1+ Be6 11. Nc3 O-O 12. Be3 Qf6 13. Qa4 h6 14. Ne4 Nxe4 15. Bxe4 Rfd8 16. c3 Bd7 17. Qc2 Re8 18. Nd4 Rad8 1/2-1/2

[Event "Velden op"]
[Site "Velden"]
[Date "1996.??.??"]
[Round "3"]
[White "Zelcic, Robert"]
[Black "Hresc, Vladimir"]
[Result "0-1"]
[WhiteElo "2485"]
[BlackElo "2435"]
[PlyCount "116"]
[EventDate "1996.06.??"]
[Source "www.chesslib.no"]
[SourceDate "2004.05.04"]

1. e4 e5 2. Nf3 Nf6 3. d4 exd4 4. e5 Ne4 5. Qxd4 Nc5 6. Bc4 Nc6 7. Qf4 Ne6 8. Bxe6 dxe6 9. O-O Bd7 10. Nc3 Qe7 11. Nb5 O-O-O 12. Ng5 Be8 13. Be3 a6 14. Nc3 f5 15. exf6 gxf6 16. Nge4 f5 17. Bc5 Qf7 18. Ng5 Qg6 19. Bxf8 Rxf8 20. Nf3 Rg8 21. Qg3 Qf7 22. Qh3 Qh5 23. Qxh5 Bxh5 24. Ne1 Rd2 25. f3 e5 26. Rf2 Rd6 27. Nd3 Re8 28. Re1 Bf7 29. b3 b6 30. Rfe2 Rde6 31. Kf2 a5 32. h4 Bg6 33. h5 Bf7 34. g4 fxg4 35. fxg4 Rg8 36. Re4 Rf6+ 37. Ke2 Be6 38. Rg1 Bf5 39. g5 Bxe4 40. gxf6 Bxd3+ 41. cxd3 Nd4+ 42. Kf2 Rxg1 43. f7 Ne6 44. Kxg1 Kd7 45. Nd5 Kd6 46. Nf6 Ke7 47. Ng4 Kxf7 48. Nxe5+ Kf6 49. Nc4 Nf4 50. d4 Ke6 51. Kf2 Nxh5 52. Ke3 Kd5 53. Na3 Nf6 54. Nb5 Kc6 55. a4 h5 56. Kf3 Kd5 57. Ke3 c6 58. Na3 h4 0-1

[Event "EU-chT (Men)"]
[Site "Batumi"]
[Date "1999.11.29"]
[Round "1.4"]
[White "Oral, Tomas"]
[Black "Neiksans, Arturs"]
[Result "1-0"]
[WhiteElo "2541"]
[BlackElo "2378"]
[PlyCount "76"]
[EventDate "1999.11.06"]
[Source "ChessBase"]
[SourceDate "2000.02.01"]

1. e4 e5 2. Nf3 Nf6 3. d4 exd4 4. e5 Ne4 5. Qxd4 d5 6. exd6 Nxd6 7. Nc3 Nc6 8. Qf4 Nf5 9. Nb5 Bb4+ 10. c3 Qe7+ 11. Be2 Bd6 12. Nxd6+ Nxd6 13. O-O Bf5 14. Be3 O-O 15. Rad1 Bg6 16. Rfe1 Qe4 17. Nh4 Rfe8 18. Nxg6 hxg6 19. Qxe4 Rxe4 20. Bf3 Re6 21. Bd5 Re7 22. Bc5 Rae8 23. Rxe7 Nxe7 24. Bf3 Nec8 25. Kf1 Re5 26. Be3 Re8 27. Bf4 Kf8 28. b3 b6 29. c4 a5 30. c5 bxc5 31. Rc1 c4 32. bxc4 c5 33. Be3 Re5 34. Bd5 Nb6 35. Bf4 f6 36. Bxe5 fxe5 37. Rb1 Nbxc4 38. Bxc4 Nxc4 1-0

[Event "Bosnjaci CRO, Open 2005"]
[Site "?"]
[Date "2005.??.??"]
[Round "2.5"]
[White "Boskovic Drasko"]
[Black "Leventic Ivan"]
[Result "1/2-1/2"]
[WhiteElo "2433"]
[BlackElo "2479"]
[PlyCount "48"]
[EventDate "2005.??.??"]
[Source "www.chesslib.no"]
[SourceDate "2004.05.04"]

1. e4 e5 2. Nf3 Nf6 3. d4 exd4 4. e5 Ne4 5. Qxd4 d5 6. exd6 Nxd6 7. Nc3 Nc6 8. Qf4 Nf5 9. Bb5 Bd6 10. Qe4+ Qe7 11. O-O Bd7 12. Qd3 O-O 13. Re1 Qd8 14. Bg5 f6 15. Bd2 Kh8 16. Bxc6 bxc6 17. Ne4 Be8 18. Nxd6 Nxd6 19. Bb4 a5 20. Bc5 Bg6 21. Qa3 Qd7 22. Nd4 Rab8 23. b3 Nb5 24. Qb2 Rfe8 1/2-1/2

[Event "ARG-ch sf"]
[Site "ARG"]
[Date "1997.??.??"]
[Round "?"]
[White "Rosito, Jorge"]
[Black "Ginzburg, Maximiliano"]
[Result "0-1"]
[WhiteElo "2460"]
[BlackElo "2450"]
[PlyCount "108"]
[EventDate "1997.??.??"]
[Source "www.chesslib.no"]
[SourceDate "2004.05.04"]

1. e4 e5 2. Nf3 Nf6 3. d4 exd4 4. e5 Ne4 5. Qxd4 d5 6. exd6 Nxd6 7. Nc3 Nc6 8. Qf4 Nf5 9. Nb5 Bb4+ 10. c3 Ba5 11. Be2 a6 12. Na3 O-O 13. O-O Re8 14. Rd1 Qf6 15. Bd3 b5 16. Nc2 h6 17. h4 Nce7 18. h5 Nd5 19. Qh2 c6 20. Bf4 Nh4 21. Qxh4 Qxh4 22. Nxh4 Nxf4 23. Bf1 Bg4 24. Rd6 Ne2+ 25. Bxe2 Rxe2 26. Ne3 Be6 27. b4 Bb6 28. Rxc6 Bxe3 29. fxe3 a5 30. Rc5 axb4 31. cxb4 Rb8 32. Nf3 Bxa2 33. Nd4 Rb2 34. Rc2 Rxc2 35. Nxc2 Bc4 36. Nd4 Re8 37. Kf2 Re5 38. Ra8+ Kh7 39. g4 Re4 40. Rc8 Rxg4 41. Rc5 Rg5 42. Nf3 Rxc5 43. bxc5 b4 44. c6 b3 45. c7 Ba6 46. Nd2 b2 47. Ke1 g6 48. hxg6+ Kxg6 49. Kd1 h5 50. Kc2 h4 51. Kxb2 h3 52. Nf3 Kf5 53. Kc3 f6 54. Kd4 Kg4 0-1

[Event "AUS Open"]
[Site "Adelaide AUS"]
[Date "1986.??.??"]
[Round "4"]
[White "Sax, Gyula"]
[Black "Solomon, Stephen J"]
[Result "1-0"]
[WhiteElo "2545"]
[BlackElo "2365"]
[PlyCount "61"]
[EventDate "1986.??.??"]
[Source "www.chesslib.no"]
[SourceDate "2004.05.04"]

1. e4 e5 2. Nf3 Nf6 3. d4 exd4 4. e5 Ne4 5. Qxd4 d5 6. exd6 Nxd6 7. Bd3 Nc6 8. Qf4 g6 9. Nc3 Bg7 10. Be3 Be6 11. h4 Nf5 12. Bc5 Bxc3+ 13. bxc3 Qd5 14. Ba3 O-O-O 15. O-O Nd6 16. Rfe1 h6 17. c4 Nxc4 18. Rxe6 Nxa3 19. Rf6 Rd7 20. Be4 Nd4 21. Kh1 Ne6 22. Qe3 Qc5 23. Qb3 Nb5 24. Rxf7 Ned4 25. Nxd4 Qxd4 26. Bxb7+ Kb8 27. Rxd7 Qxa1+ 28. Kh2 Qe5+ 29. g3 Rf8 30. Bg2 Kc8 31. Rd5 1-0

[Event "Bratislava"]
[Site "?"]
[Date "1999.??.??"]
[Round "6"]
[White "Manik Mikulas"]
[Black "Balogh Tomas"]
[Result "1/2-1/2"]
[WhiteElo "2475"]
[BlackElo "2435"]
[PlyCount "34"]
[EventDate "1999.??.??"]
[Source "www.chesslib.no"]
[SourceDate "2004.05.04"]

1. e4 e5 2. Nf3 Nf6 3. d4 exd4 4. e5 Ne4 5. Qxd4 d5 6. exd6 Nxd6 7. Nc3 Nc6 8. Qf4 Nf5 9. Bb5 Bd6 10. Qe4+ Qe7 11. O-O O-O 12. Bxc6 bxc6 13. Qxc6 Rb8 14. Qe4 Re8 15. Qxe7 Rxe7 16. Nd5 Re2 17. Re1 Nd4 1/2-1/2

[Event "FSGM November"]
[Site "Budapest"]
[Date "2004.11.09"]
[Round "4"]
[White "Ziatdinov, Raset"]
[Black "Seres, Lajos"]
[Result "1/2-1/2"]
[WhiteElo "2464"]
[BlackElo "2443"]
[PlyCount "79"]
[EventDate "2004.11.06"]
[Source "Roberto Alvarez"]
[SourceDate "2004.11.22"]

1. e4 e5 2. Nf3 Nf6 3. d4 exd4 4. e5 Ne4 5. Qxd4 d5 6. exd6 Nxd6 7. Nc3 Nc6 8. Qf4 Nf5 9. Nb5 Bb4+ 10. Bd2 Bxd2+ 11. Nxd2 Qe7+ 12. Qe4 Be6 13. O-O-O O-O-O 14. Bc4 Bxc4 15. Qxe7 Nfxe7 16. Nxc4 Rxd1+ 17. Rxd1 Rd8 18. Rxd8+ Kxd8 19. Kd2 Nd5 20. a3 a6 21. Nc3 Nxc3 22. Kxc3 Kd7 23. Ne3 Ke6 24. Kc4 Ne5+ 25. Kc5 Nd7+ 26. Kd4 Ne5 27. b4 Nc6+ 28. Kc5 Ne7 29. a4 b6+ 30. Kc4 Nc6 31. f4 h5 32. c3 g6 33. g3 Kd6 34. Kd3 Ke6 35. Ke4 a5 36. bxa5 f5+ 37. Kd3 Nxa5 38. Nc2 Kd5 39. Nb4+ Kd6 40. Na6 1/2-1/2

[Event "Sakthi"]
[Site "Sakthi"]
[Date "1996.??.??"]
[Round "4"]
[White "Tilak, Sharad S"]
[Black "Barua, Dibyendu"]
[Result "0-1"]
[WhiteElo "2385"]
[BlackElo "2520"]
[PlyCount "70"]
[EventDate "1996.??.??"]
[Source "ChessBase"]

1. e4 e5 2. Nf3 Nf6 3. d4 exd4 4. e5 Ne4 5. Qxd4 d5 6. exd6 Nxd6 7. Nc3 Nc6 8. Qf4 g6 9. Bb5 Bg7 10. Bxc6+ bxc6 11. O-O O-O 12. Be3 Rb8 13. Rab1 Bf5 14. Bxa7 Rb7 15. Bc5 Bxc2 16. Rbc1 Bf5 17. b4 Re8 18. Rfd1 Qa8 19. Nd4 Qa3 20. Nb3 Qb2 21. Qd2 Nc4 22. Qf4 Nd6 23. Qd2 Qxd2 24. Nxd2 Ra8 25. Nb3 Bh6 26. Na5 Bxc1 27. Rxc1 Rbb8 28. Nxc6 Re8 29. Nd5 Re2 30. Nxc7 Raxa2 31. Bxd6 Rac2 32. Ra1 Rxc6 33. Ra8+ Kg7 34. Bf8+ Kf6 35. Nd5+ Ke5 0-1

[Event "Ch Latvia"]
[Site "?"]
[Date "2005.05.13"]
[Round "1"]
[White "Klovans Janis"]
[Black "Neiksans Arturs"]
[Result "1/2-1/2"]
[WhiteElo "2462"]
[BlackElo "2439"]
[PlyCount "35"]
[EventDate "2005.??.??"]
[Source "www.chesslib.no"]
[SourceDate "2004.05.04"]

1. e4 e5 2. Nf3 Nf6 3. d4 exd4 4. e5 Ne4 5. Qxd4 d5 6. exd6 Nxd6 7. Nc3 Nc6 8. Qf4 Nf5 9. Bb5 Bd6 10. Qe4+ Nfe7 11. Bxc6+ bxc6 12. Nd4 O-O 13. O-O Rb8 14. Rd1 c5 15. Ndb5 Rxb5 16. Nxb5 Bxh2+ 17. Kxh2 Qxd1 18. Qxe7 1/2-1/2

[Event "op-06"]
[Site "Malaga"]
[Date "2003.02.23"]
[Round "4.4"]
[White "Cabrera, Alexis"]
[Black "Collas, Didier"]
[Result "1-0"]
[WhiteElo "2478"]
[BlackElo "2422"]
[PlyCount "65"]
[EventDate "2003.02.21"]
[Source "Roberto Alvarez"]
[SourceDate "2003.02.24"]

1. e4 e5 2. Nf3 Nf6 3. d4 exd4 4. e5 Ne4 5. Qxd4 d5 6. exd6 Nxd6 7. Nc3 Nc6 8. Qf4 Nf5 9. Bd2 Bd6 10. Qa4 Qe7+ 11. Be2 Bd7 12. O-O-O Ncd4 13. Nxd4 Bxa4 14. Nxf5 Qd7 15. Nxg7+ Kd8 16. Bg5+ Kc8 17. Rd4 Rg8 18. Bg4 Rxg7 19. Bxd7+ Bxd7 20. Bf4 Rxg2 21. Bxd6 cxd6 22. Rxd6 Kc7 23. Rhd1 Bc6 24. Rf6 Rxh2 25. Rxf7+ Kb6 26. Nd5+ Ka5 27. a3 Rh8 28. b4+ Kb5 29. Rd4 a5 30. a4+ Kxa4 31. Nc3+ Ka3 32. b5 Rh1+ 33. Kd2 1-0

[Event "Moscow GM3"]
[Site "Moscow"]
[Date "1996.??.??"]
[Round "?"]
[White "Iordachescu, Viorel"]
[Black "Zaitsev, Igor A"]
[Result "1/2-1/2"]
[WhiteElo "2440"]
[BlackElo "2460"]
[PlyCount "34"]
[EventDate "1996.??.??"]
[Source "www.chesslib.no"]
[SourceDate "2004.05.04"]

1. e4 e5 2. Nf3 Nf6 3. d4 exd4 4. e5 Ne4 5. Qxd4 d5 6. exd6 Nxd6 7. Nc3 Nc6 8. Qf4 Nf5 9. Bb5 Bd6 10. Qe4+ Qe7 11. O-O O-O 12. Bg5 Qxe4 13. Nxe4 Ne5 14. Nxe5 Bxe5 15. c3 h6 16. Bd2 Nd6 17. Nxd6 Bxd6 1/2-1/2

[Event "Ch (Men) Riga LAT"]
[Site "?"]
[Date "2006.03.06"]
[Round "8"]
[White "Klovans Janis"]
[Black "Neiksans Arturs"]
[Result "1/2-1/2"]
[WhiteElo "2440"]
[BlackElo "2456"]
[PlyCount "101"]
[EventDate "2006.??.??"]
[Source "www.chesslib.no"]
[SourceDate "2004.05.04"]

1. e4 e5 2. Nf3 Nf6 3. d4 exd4 4. e5 Ne4 5. Qxd4 d5 6. exd6 Nxd6 7. Nc3 Nc6 8. Qf4 Nf5 9. Bb5 Bd6 10. Qe4+ Nfe7 11. Bg5 h6 12. Bh4 f5 13. Qc4 Qd7 14. Bxe7 Qxe7+ 15. Kf1 Be6 16. Nd5 Bxd5 17. Qxd5 Kd8 18. Re1 Qf6 19. Bxc6 bxc6 20. Qxc6 Rb8 21. b3 g5 22. Qd5 Re8 23. g3 Rxe1+ 24. Nxe1 Kd7 25. Nd3 c6 26. Qc4 f4 27. gxf4 gxf4 28. Rg1 Rb5 29. Qg8 Rg5 30. Rxg5 hxg5 31. Qh7+ Kd8 32. Ke2 Qe6+ 33. Kd2 g4 34. Qxa7 f3 35. Qd4 Kc7 36. Qa7+ Kc8 37. Qe3 Qf5 38. Qh6 Kc7 39. a4 c5 40. Qg7+ Kc6 41. Qh8 Qe6 42. a5 Kb7 43. Qd8 Be7 44. Qb6+ Qxb6 45. axb6 Bd6 46. Ke3 Kxb6 47. Nf4 c4 48. bxc4 Bc5+ 49. Ke4 Bxf2 50. Nd5+ Kc5 51. Nf6 1/2-1/2

[Event "Lippstadt"]
[Site "Lippstadt"]
[Date "1992.??.??"]
[Round "?"]
[White "Mainka, Romuald"]
[Black "Panzer, Peter"]
[Result "1-0"]
[WhiteElo "2550"]
[BlackElo "2340"]
[PlyCount "81"]
[EventDate "1992.07.??"]
[Source "ChessBase"]

1. e4 e5 2. Nf3 Nf6 3. d4 exd4 4. e5 Ne4 5. Qxd4 d5 6. exd6 Nxd6 7. Nc3 Nc6 8. Qf4 Nf5 9. Bb5 Bd6 10. Qe4+ Qe7 11. O-O Qxe4 12. Nxe4 O-O 13. Nxd6 cxd6 14. Rd1 Be6 15. Bf4 Rfd8 16. h3 d5 17. Rd2 Rac8 18. Rad1 a6 19. Bf1 f6 20. g4 Nfe7 21. Be3 Ne5 22. Nd4 Bf7 23. b3 g5 24. f4 gxf4 25. Bxf4 h5 26. Rg2 hxg4 27. hxg4 N7g6 28. Bc1 Nh4 29. Rf2 Nxg4 30. Rf4 Bh5 31. Be2 Rc3 32. Bxg4 Rg3+ 33. Kh2 Rxg4 34. Rxg4+ Bxg4 35. Rg1 f5 36. Bg5 Re8 37. Bxh4 Kf7 38. Re1 Rxe1 39. Bxe1 Kf6 40. Bg3 Kg5 41. Be5 1-0

[Event "Bank Pocztowy op-A"]
[Site "Bydgoszcz"]
[Date "2001.04.29"]
[Round "3"]
[White "Maksimenko, Andrei"]
[Black "Sarwinski, Miroslaw"]
[Result "1-0"]
[WhiteElo "2514"]
[BlackElo "2374"]
[PlyCount "107"]
[EventDate "2001.04.27"]
[Source "ChessBase"]
[SourceDate "2001.07.03"]

1. e4 e5 2. Nf3 Nf6 3. d4 exd4 4. e5 Ne4 5. Qxd4 d5 6. exd6 Nxd6 7. Bg5 Qd7 8. Nc3 Nf5 9. Qe4+ Qe6 10. O-O-O Be7 11. Qa4+ Bd7 12. Bb5 c6 13. Bc4 Qg6 14. Bxe7 Nxe7 15. Rhe1 b5 16. Qa3 Qf6 17. Bxb5 Be6 18. Ba4 O-O 19. Bb3 a5 20. Bxe6 fxe6 21. Qd6 Nd5 22. Ne4 Qf4+ 23. Qxf4 Nxf4 24. g3 Ng2 25. Rg1 Rxf3 26. Rxg2 h6 27. Rd8+ Rf8 28. Rxf8+ Kxf8 29. Rg1 Nd7 30. Rd1 Ke7 31. Rd3 Rf8 32. Rb3 Rf5 33. Rb7 Re5 34. f3 g5 35. g4 Kd8 36. Kd2 Rd5+ 37. Ke2 Kc8 38. Rb3 Kc7 39. Re3 Nf8 40. Nf2 Ng6 41. Nd3 e5 42. Re4 Rb5 43. b3 Kd6 44. Ra4 Rd5 45. Re4 Ke6 46. Rc4 Kd6 47. Ra4 Nh4 48. Nb2 Ng6 49. Nc4+ Kc7 50. Rxa5 Rd4 51. Ra7+ Kb8 52. Rh7 Nf4+ 53. Kf2 e4 54. Rxh6 1-0

[Event "CZE Ch"]
[Site "Czech Republic"]
[Date "1994.??.??"]
[Round "11"]
[White "Hracek, Zbynek"]
[Black "Oral, Tomas"]
[Result "1-0"]
[WhiteElo "2510"]
[BlackElo "2375"]
[PlyCount "109"]
[EventDate "1994.05.??"]
[Source "www.chesslib.no"]
[SourceDate "2004.05.04"]

1. e4 e5 2. Nf3 Nf6 3. d4 exd4 4. e5 Ne4 5. Qxd4 d5 6. exd6 Nxd6 7. Nc3 Nc6 8. Qf4 Bf5 9. Bb5 Qe7+ 10. Be3 Nxb5 11. Nxb5 Qb4+ 12. Qxb4 Bxb4+ 13. c3 Ba5 14. b4 Bd3 15. a4 a6 16. Nbd4 Nxd4 17. Bxd4 Bb6 18. O-O-O Bf5 19. Bxb6 cxb6 20. Rhe1+ Be6 21. Nd4 Ke7 22. f4 Kf6 23. Nxe6 fxe6 24. Rd6 Rhe8 25. Rxb6 Rac8 26. Kc2 Re7 27. Rd6 Rc4 28. g3 Rec7 29. Rexe6+ Kf5 30. Re5+ Kg4 31. Rg5+ Kh3 32. Rh5+ Kg2 33. Rd2+ Kf1 34. Rc5 R4xc5 35. bxc5 g6 36. Kb3 Rxc5 37. c4 h5 38. h4 Rf5 39. Kc3 a5 40. Kd4 b6 41. Rb2 Rf6 42. Ke5 Rc6 43. Kd5 Rc5+ 44. Kd4 Rc6 45. g4 Rf6 46. Ke5 Rc6 47. f5 Rc5+ 48. Ke6 Rc6+ 49. Kd7 Rxc4 50. f6 Rxg4 51. f7 Rf4 52. Ke7 Re4+ 53. Kf6 Rxh4 54. Kg7 Rf4 55. Rxb6 1-0

[Event "Corr"]
[Site "?"]
[Date "2003.05.10"]
[Round "?"]
[White "Bunk Wolfgang (GER)"]
[Black "Ludwig Christoph (GER)"]
[Result "1-0"]
[WhiteElo "2376"]
[BlackElo "2505"]
[PlyCount "65"]
[EventDate "2003.??.??"]
[Source "www.chesslib.no"]
[SourceDate "2004.05.04"]

1. e4 e5 2. Nf3 Nf6 3. d4 exd4 4. e5 Ne4 5. Qxd4 d5 6. exd6 Nxd6 7. Nc3 Nc6 8. Qf4 g6 9. Be3 Bg7 10. O-O-O Bxc3 11. bxc3 Be6 12. Bc5 O-O 13. h4 f6 14. a3 a6 15. Bd3 Qd7 16. Be4 Rad8 17. Rhe1 Qf7 18. Bxc6 bxc6 19. Nd4 Bd7 20. Nb3 Be6 21. Na5 Rde8 22. c4 Bd7 23. Bxd6 cxd6 24. Qxd6 Rxe1 25. Rxe1 Re8 26. Rxe8+ Qxe8 27. Kd2 Kf7 28. Qc7 Kf8 29. Nb7 Qe7 30. c5 Bg4 31. Qxc6 Qe2+ 32. Kc3 Qxf2 33. Qxa6 1-0

[Event "SVK-chT 9899"]
[Site "SVK"]
[Date "1998.??.??"]
[Round "1"]
[White "Manik, Mikulas"]
[Black "Balogh, Tomas"]
[Result "1/2-1/2"]
[WhiteElo "2455"]
[BlackElo "2425"]
[PlyCount "37"]
[EventDate "1998.??.??"]
[Source "www.chesslib.no"]
[SourceDate "2004.05.04"]

1. e4 e5 2. Nf3 Nf6 3. d4 exd4 4. e5 Ne4 5. Qxd4 d5 6. exd6 Nxd6 7. Nc3 Nc6 8. Qe3+ Be7 9. Nd5 O-O 10. Bd3 Nf5 11. Nxe7+ Qxe7 12. Qxe7 Nfxe7 13. Bg5 h6 14. Bxe7 Re8 15. O-O-O Rxe7 16. Rhe1 Kf8 17. Rxe7 Kxe7 18. Re1+ Kf8 19. Be4 1/2-1/2

[Event "Boca Juniors op"]
[Site "Buenos Aires"]
[Date "1998.05.14"]
[Round "7"]
[White "Fiorito, Fabian"]
[Black "Szmetan, Jorge"]
[Result "1/2-1/2"]
[WhiteElo "2455"]
[BlackElo "2420"]
[PlyCount "90"]
[EventDate "1998.05.07"]
[Source "ChessBase"]
[SourceDate "1998.07.07"]

1. e4 e5 2. Nf3 Nf6 3. d4 exd4 4. e5 Ne4 5. Qxd4 d5 6. exd6 Nxd6 7. Nc3 Nc6 8. Qf4 Nf5 9. Bb5 Bd6 10. Qe4+ Qe7 11. O-O O-O 12. Re1 Qf6 13. Nd5 Qg6 14. Bf4 Bd7 15. Nxc7 Rac8 16. Nd5 Rfe8 17. Qd3 a6 18. Bxc6 Bxc6 19. Bxd6 Qxd6 20. c4 Bxd5 21. cxd5 Qf6 22. Qb3 Nd6 23. h3 h6 24. Rxe8+ Rxe8 25. Rc1 Re2 26. Rc2 Qe7 27. Qd3 Re4 28. g3 g6 29. Kg2 Qf6 30. b3 Re7 31. h4 Kg7 32. Nd2 Re1 33. Nc4 Nf5 34. Nd2 Rd1 35. Qe2 Qa1 36. Nf3 Rxd5 37. Rc7 Nd6 38. Qe6 Rd1 39. Rd7 Qf6 40. Qe2 Rd5 41. Re7 b5 42. Ra7 Nf5 43. Qe8 Nd6 44. Qc6 Qf5 45. Rd7 Qe6 1/2-1/2

[Event "Corfu sim"]
[Site "Corfu GRE"]
[Date "1996.10.04"]
[Round "?"]
[White "Kasparov, Gary"]
[Black "Politis, Dionisos"]
[Result "1-0"]
[WhiteElo "2785"]
[BlackElo "2090"]
[PlyCount "33"]
[EventDate "1996.??.??"]
[Source "www.chesslib.no"]
[SourceDate "2004.05.04"]

1. e4 e5 2. Nf3 Nf6 3. d4 exd4 4. e5 Ne4 5. Qxd4 d5 6. exd6 Nxd6 7. Nc3 Nc6 8. Qf4 Nf5 9. Bb5 Bd6 10. Qe4+ Qe7 11. Bd2 Bd7 12. O-O-O Qxe4 13. Nxe4 Be7 14. g4 Nd6 15. Nxd6+ Bxd6 16. Rhe1+ Be7 17. Bxc6 1-0

[Event "White Nights op"]
[Site "St Petersburg"]
[Date "2000.06.30"]
[Round "7"]
[White "Kuzmina, Olga"]
[Black "Fedorov, Alexei"]
[Result "1/2-1/2"]
[WhiteElo "2188"]
[BlackElo "2684"]
[PlyCount "126"]
[EventDate "2000.06.23"]
[Source "ChessBase"]
[SourceDate "2000.07.11"]

1. e4 e5 2. Nf3 Nf6 3. d4 exd4 4. e5 Ne4 5. Qxd4 d5 6. exd6 Nxd6 7. Bd3 Nc6 8. Qf4 Be7 9. O-O Be6 10. Nc3 O-O 11. Be3 h6 12. h4 a5 13. a3 Rb8 14. Rad1 Kh8 15. Nb5 Qd7 16. Nbd4 Bf6 17. Rfe1 Bg4 18. Ne2 Rbe8 19. Bb5 Bxf3 20. Qxf3 Bxh4 21. Qh5 Rxe3 22. Qxh4 Re5 23. Bxc6 Qxc6 24. Nd4 Qd5 25. Rxe5 Qxe5 26. c3 Re8 27. Qg4 Re7 28. Qh4 Re8 29. Qg4 Kg8 30. Qd7 Re7 31. Qd8+ Re8 32. Qxc7 Ne4 33. Qxe5 Rxe5 34. Re1 Re8 35. Nb3 b6 36. Nd2 Nd6 37. Rxe8+ Nxe8 38. Nc4 Kf8 39. Nxb6 Nd6 40. f3 Ke7 41. Kf2 Ke6 42. Ke3 f5 43. c4 g5 44. g4 Nf7 45. gxf5+ Kxf5 46. c5 Ke6 47. b4 axb4 48. axb4 Ne5 49. b5 h5 50. c6 Kd6 51. Nc8+ Kc7 52. Ne7 h4 53. Nd5+ Kc8 54. Kf2 h3 55. c7 h2 56. Kg2 Nxf3 57. b6 Nh4+ 58. Kxh2 Nf5 59. Kh3 Nd6 60. Kg4 Kb7 61. Kxg5 Nc8 62. Kf6 Nxb6 63. Nxb6 Kxc7 1/2-1/2

[Event "Iit"]
[Site "Donskoj"]
[Date "2002.??.??"]
[Round "5"]
[White "Afromeev, Vladimir"]
[Black "Gusev, Aleksey"]
[Result "0-1"]
[WhiteElo "2452"]
[BlackElo "2412"]
[PlyCount "50"]
[EventDate "2002.11.??"]
[Source "Roberto Alvarez"]
[SourceDate "2003.02.17"]

1. e4 e5 2. Nf3 Nf6 3. d4 exd4 4. e5 Ne4 5. Qxd4 d5 6. exd6 Nxd6 7. Bd3 Nc6 8. Qf4 g6 9. O-O Bg7 10. Re1+ Be6 11. Ng5 O-O 12. Nxe6 fxe6 13. Qg4 Bd4 14. Qxe6+ Rf7 15. Rf1 Qh4 16. g3 Qh5 17. Nc3 Bxc3 18. bxc3 Re8 19. Qb3 Ne5 20. Bf4 Nf3+ 21. Kg2 Kg7 22. h3 Nh4+ 23. gxh4 Rxf4 24. f3 Re3 25. Rf2 Rfxf3 0-1